Geography Quiz

Random Geography or Blitz Quiz
Score 0/20 Timer 02:00
15 Plays Today
Category Answer % Correct
African countryCameroon
93.4%
North American countryCanada
92.5%
US stateCalifornia
90.1%
4 letter countryChad
88.9%
Asian countryChina
87.9%
South American countryChile
87.7%
European countryCroatia
85.8%
Multiple word countryCosta Rica
82.2%
SeaCaribbean
75.5%
River*Congo
67.2%
Category Answer % Correct
Major island*Corsica
66%
Oceanian capitalCanberra
65%
African capitalCairo
59.7%
US state capitalColumbus
56.7%
European capitalCopenhagen
53.2%
South American capitalCaracas
49.7%
English countyCheshire
43.4%
Olympic cityCalgary
26.1%
North American capitalCastries
20%
Mountain*Cho Oyu
18.4%
Remove Ads.
Support Sporcle.
Get the best of Sporcle when you Go Orange. This ad-free experience offers more features, more stats, and more fun while also helping to support Sporcle. Thank you for becoming a member.

You're not logged in!

Compare scores with friends on all Sporcle quizzes.
OR
Log In

Show Comments

Extras

Top Quizzes Today


Score Distribution

Your Account Isn't Verified!

In order to create a playlist on Sporcle, you need to verify the email address you used during registration. Go to your Sporcle Settings to finish the process.

Report this User

Report this user for behavior that violates our Community Guidelines.

Details: